Estimación de la rentabilidad del carbón vegetal, en el bosque de coníferas y encino, en La Región Sierra Norte de Puebla y Sierra Alta de Hidalgo / (Record no. 220145)
[ view plain ]
| 000 -CABECERA | |
|---|---|
| campo de control de longitud fija | 03873nam a2200337 a 4500 |
| 003 - IDENTIFICADOR DEL NÚMERO DE CONTROL | |
| campo de control | OSt |
| 005 - FECHA Y HORA DE LA ÚLTIMA TRANSACCIÓN | |
| campo de control | 20240906114705.0 |
| 007 - CAMPO FIJO DE DESCRIPCIÓN FÍSICA--INFORMACIÓN GENERAL | |
| campo de control de longitud fija | cr ||||||a|c|a |
| 008 - DATOS DE LONGITUD FIJA--INFORMACIÓN GENERAL | |
| campo de control de longitud fija | 240905s2024 mx a|||fom||| 001 0 spa d |
| 040 ## - FUENTE DE LA CATALOGACIÓN | |
| Normas de descripción | rda |
| 100 1# - ENTRADA PRINCIPAL--NOMBRE DE PERSONA | |
| Nombre de persona | Rivera Santiago, Hilda |
| 9 (RLIN) | 189549 |
| 245 10 - MENCIÓN DE TÍTULO | |
| Título | Estimación de la rentabilidad del carbón vegetal, en el bosque de coníferas y encino, en La Región Sierra Norte de Puebla y Sierra Alta de Hidalgo / |
| Mención de responsabilidad, etc. | por Hilda Rivera Santiago; director de tesis Gerónimo Barrios Puente; secretario José Luis Jolalpa Barrera; vocal Alejandro Alberto Miliano; suplente Ramón Gómez Castillo; suplente Evelina Álvarez González. |
| 264 #1 - PRODUCCIÓN, PUBLICACIÓN, DISTRIBUCIÓN, FABRICACIÓN Y COPYRIGHT | |
| Producción, publicación, distribución, fabricación y copyright | Chapingo, México : |
| Nombre del de productor, editor, distribuidor, fabricante | El autor, |
| Fecha de producción, publicación, distribución, fabricación o copyright | 2024. |
| 300 ## - DESCRIPCIÓN FÍSICA | |
| Extensión | 1 recurso en línea (98 páginas): |
| Otras características físicas | figuras, tablas. |
| 336 ## - TIPO DE CONTENIDO | |
| Fuente | rdacontent |
| Término de tipo de contenido | texto |
| Código de tipo de contenido | txt |
| 337 ## - TIPO DE MEDIO | |
| Fuente | rdamedia |
| Nombre/término del tipo de medio | computadora |
| Código del tipo de medio | c |
| 338 ## - TIPO DE SOPORTE | |
| Fuente | rdacarrier |
| Nombre/término del tipo de soporte | recurso en línea |
| Código del tipo de soporte | cr |
| 502 ## - NOTA DE TESIS | |
| Tipo de título | Ingeniería en Economía Agrícola |
| Nombre de la institución que otorga el título | División de Ciencias Económico Administrativas, |
| Año de obtención del título | 2024. |
| Información miscelánea | Licenciatura |
| 504 ## - NOTA DE BIBLIOGRAFÍA, ETC. | |
| Nota de bibliografía, etc. | Incluye referencias bibliográficas: páginas 68-74. |
| 520 ## - SUMARIO, ETC. | |
| Sumario, etc. | El carbón vegetal es resultado de una combustión anaeróbica de la madera, es decir, es el residuo sólido que queda al realizar la “carbonización” de la madera bajo condiciones controladas, cabe mencionar que, este producto tiene un uso muy extenso, dado que, se utiliza en aspectos domésticos, así como industriales. Existen diferentes métodos de obtención de carbón vegetal, los cuales presentan diferentes características, entre ellas su estructura, el modo de uso y el nivel de inversión requerida, es importante mencionar que, esta actividad contribuye de manera positiva en los ingresos de las personas del campo. El presente trabajo se realizó en la región sierra norte de Puebla y sierra alta de Hidalgo, específicamente en el área de bosque de coníferas y encino, con la intención de estimar la rentabilidad del carbón vegetal. Los métodos identificados en el área fueron los hornos de mampostería y los hornos tradicionales, esta información se obtuvo mediante la aplicación de encuestas a productores claves de la zona, buscando conocer datos sobre los costos e ingresos de la producción y obtención del carbón vegetal. En base a la información proporcionada se determinó que un horno de mampostería genera 220.39 kg/m3, con un costo de producción de $6.84/kg, teniendo un precio de venta de $10.90/kg, generando un margen de beneficio de $4.06/kg, para este método, se considera 4 meses de producción con una sola carga al mes. Respecto al horno tradicional, se obtuvo una producción de 118 kg/ m3, con un costo de $8.38/kg, asumiendo un precio de venta de $9.33/kg, originando un margen de beneficio de $0.95/kg, de la misma manera, se contemplan 4 meses de producción con una sola carga al mes. Se establecieron diferentes escenarios con la finalidad de conocer la rentabilidad del carbón vegetal, por medio de tres indicadores económicos (B/C, VAN y TIR), por lo que, se planteó diferentes niveles de producción para conocer los beneficios que se pudieran obtener. Como uno de los resultados, se identificó que al utilizar un horno a una capacidad instalada del 100% se obtendrían mejores ganancias que si se utilizara una capacidad instalada de manera progresiva. |
| 650 #4 - PUNTO DE ACCESO ADICIONAL DE MATERIA--TÉRMINO DE MATERIA | |
| Término de materia o nombre geográfico como elemento de entrada | Carbón vegetal |
| Subdivisión general | Producción |
| 9 (RLIN) | 126822 |
| 650 #4 - PUNTO DE ACCESO ADICIONAL DE MATERIA--TÉRMINO DE MATERIA | |
| Término de materia o nombre geográfico como elemento de entrada | Carbón vegetal |
| Subdivisión general | Rendimiento |
| 9 (RLIN) | 136485 |
| 650 #7 - PUNTO DE ACCESO ADICIONAL DE MATERIA--TÉRMINO DE MATERIA | |
| Término de materia o nombre geográfico como elemento de entrada | Carbón vegetal |
| Subdivisión general | Aspectos económicos |
| 9 (RLIN) | 189550 |
| 700 1# - PUNTO DE ACCESO ADICIONAL--NOMBRE DE PERSONA | |
| Nombre de persona | Barrios Puente, Gerónimo |
| 9 (RLIN) | 10529 |
| Término indicativo de función/relación | Director de tesis. |
| 700 1# - PUNTO DE ACCESO ADICIONAL--NOMBRE DE PERSONA | |
| Nombre de persona | Jolalpa Barrera, José Luis |
| 9 (RLIN) | 61950 |
| Término indicativo de función/relación | Secretario. |
| 700 1# - PUNTO DE ACCESO ADICIONAL--NOMBRE DE PERSONA | |
| Nombre de persona | Alberto Miliano, Alejandro |
| Término indicativo de función/relación | Vocal. |
| 9 (RLIN) | 189082 |
| 700 1# - PUNTO DE ACCESO ADICIONAL--NOMBRE DE PERSONA | |
| Nombre de persona | Gómez Castillo, Ramón |
| 9 (RLIN) | 49647 |
| Término indicativo de función/relación | Suplente. |
| 700 1# - PUNTO DE ACCESO ADICIONAL--NOMBRE DE PERSONA | |
| Nombre de persona | Álvarez González, Evelina |
| 9 (RLIN) | 82403 |
| Término indicativo de función/relación | Suplente. |
| 856 ## - LOCALIZACIÓN Y ACCESO ELECTRÓNICOS | |
| Identificador Uniforme del Recurso | http://10.13.5.2/tesis/tl/1612094-7_RIVERA_SANTIAGO_HILDA.pdf |
| Nota pública | DESCARGAR PDF |
| 942 ## - ELEMENTOS DE PUNTO DE ACCESO ADICIONAL (KOHA) | |
| Fuente del sistema de clasificación o colocación | Clasificación Universidad Autónoma Chapingo |
| Tipo de ítem Koha | Tesis digital |
| Estado de retiro | Estado de pérdida | Fuente del sistema de clasificación o colocación | Estado dañado | Restricciones de uso | No para préstamo | Código de colección | Localización permanente | Ubicación/localización actual | Ubicación en estantería | Fecha de adquisición | Total de préstamos | Signatura topográfica completa | Fecha visto por última vez | Precio válido a partir de | Tipo de ítem Koha |
|---|---|---|---|---|---|---|---|---|---|---|---|---|---|---|---|
| Clasificación Universidad Autónoma de Chapingo | Préstamo interno | Tesis digitales de Licenciatura | Biblioteca Digital | Biblioteca Digital | En línea | 05/09/2024 | Tesis digital | 05/09/2024 | 05/09/2024 | Tesis digital |
